| 000 | 01242nam a2200337 i 4500 | ||
|---|---|---|---|
| 003 | DO-SdBNP | ||
| 005 | 20260421135004.0 | ||
| 007 | ta | ||
| 008 | 091125s1992 dr 001 e spa d | ||
| 040 |
_aDO-SdBNP _bspa _cBNPHU _erda |
||
| 041 | _aspa | ||
| 082 | 4 |
_a305.897293 _bC697t _222 |
|
| 100 | 1 |
_aCollado, Lipe, _d1947- _eautor _4aut. _979819 |
|
| 245 | 1 | 3 |
_aEl tiguere dominicano : _bensayo / _cLipe Collado ; presentación, Francisco Comarazamy. |
| 250 | _aprimera edición | ||
| 264 | 4 |
_aSanto Domingo : _bEditora El Mundo S.A., _c©1992. |
|
| 300 |
_a139 páginas ; _c21 cm. |
||
| 336 |
_atexto _btxt _2rdacontent |
||
| 337 |
_asin mediación _bn _2rdamedia |
||
| 338 |
_avolumen _bnc _2rdacarrier |
||
| 500 | _aIncluye datos biográficos del autor en la contracubierta. | ||
| 504 | _aBibliografía : páginas 138-139. | ||
| 590 | _aInventariado, 2026/BT | ||
| 650 | 4 |
_aIdentidad cultural _xEnsayos, conferencias, etc. _zRepública Dominicana _930841 |
|
| 650 | 4 |
_aPsicología social _zRepública Dominicana _930842 |
|
| 650 | 4 |
_aEnsayos dominicanos _965 |
|
| 651 | 4 |
_aRepública Dominicana _xCaracterísticas nacionales _91720 |
|
| 700 | 1 | 2 |
_aComarazamy, Francisco, _epresentación _96424 |
| 910 | _aBtavárez | ||
| 942 |
_2ddc _cLBS1 |
||
| 999 |
_c60593 _d60593 |
||